| 000 | 00689nam a22001817a 4500 | ||
|---|---|---|---|
| 999 |
_c61147 _d61147 |
||
| 005 | 20231225140034.0 | ||
| 008 | 231225s1979 ru ||||| |||| 00| 0 rus d | ||
| 041 | _arus | ||
| 080 | _a930.1+1(38) Д-42 | ||
| 100 |
_aДжохадзе, Д. _920865 |
||
| 245 |
_aДиалектика эллинистического периода / _cД. В. Джохадзе. |
||
| 264 |
_aМ. : _bВысш. школа, _c1979. |
||
| 300 |
_a127 с. ; _b20 см. |
||
| 653 | _aისტორიის ფილოსოფია | ||
| 653 | _aდიალექტიკური ლოგიკა | ||
| 653 | _aბერძნული ფილოსოფია | ||
| 942 |
_2udc _cᲬᲘᲒᲜᲘ |
||